000 00254nam a2200097Ia 4500
001 796689
005 20250826170753.0
008 250824s9999 xx 000 0 und d
245 0 _aDEDEKTİF EDA OKULDA
_cYILMAZ YEŞİLDAĞ
260 _bSEDİR YAYINLARI A.Ş.
999 _c796689
_d796689